Quizzes
Events
Quiz Creation
Community
Videos
Private Events
Remove Ads
Sign In
Join for FREE
Feedback
Dark Mode
Quiz Categories
Sports
Geography
Music
Movies
Television
Just For Fun
Miscellaneous
History
Literature
Language
Science
Gaming
Entertainment
Religion
Holiday
For Kids
Quiz Lab
Recent
Popular Today
Quiz Kudos Today
Editor Picks
Curator Picks
Quizzes by...
Day
Popularity
Type
Ratings
Length
Year
Community
Subscriptions
Recent Discussions
Orange Saloon
Badges
Playlists
Quests
Create
Leaderboards
Showdown
Live 5
Trivia Bingo
Activity
Puzzle Library
Sporcle Events
Private Events
Virtual Trivia
Globe League
Become a Host
Pub Owners
SporcleCon
Opinionation
Our Games
Videos
Blog
Mobile Apps
Partnerships
Remove Ads and Go Orange
Feedback
Miscellaneous
Crossword
General Knowledge
Baby Names
Logo
Food
Cars
Numbers
Grab Bag
University
College
Popular
Company
Slogans
Restaurants
Justice
Letter
Miscellaneous
Crossword
General Knowledge
Baby Names
Logo
Food
Cars
Numbers
Grab Bag
University
College
Popular
Company
Slogans
Restaurants
Justice
Letter
Random Quiz
Search Sporcle
×
Quiz Lab
Quiz Lab
Miscellaneous
Bible
Type in answers that appear in a list
Type in answers that appear in a list
Classic
Best Score? Go Orange.
A Quiz of Lasts II Stats
Can you name the last who, what or where answer to the question given?
By
dancinginhistory
6m
20 Questions
61 Plays
61 Plays
61 Plays
Comments
Comments
Give Quiz Kudos
Give Quiz Kudos
-
- Ratings
hide this ad
Replay
Link that replays current quiz
Next Quiz
Link to next quiz in quiz playlist
You Got
0%
They Got
Avg Score
23%
Avg Friend Score
Upgrade to see
Score Distribution
Jump to the score distribution portion of the page
Score
0/20
Timer
06:00
0
Plays Today
Hint
Answer
% Correct
What was Napoleon's last battle?
Waterloo
77%
Each January 1st, what is the last country to ring in the New Year?
USA (American Samoa,Midway Islands, Niue & Baker Island)
57.4%
What is the last book in Tolkien's Lord of the Rings Trilogy?
Return of the King
54.1%
In which Alaskan town does the Iditarod dog sled race end?
Nome
39.3%
Who was the last of King Henry VIII's six wives?
Catherine Parr
34.4%
What was the last NHL team that Wayne Gretzky played for when he retired?
New York Rangers
34.4%
Who was the last U.S. president to be born a British subject?
William Henry Harrison
31.1%
What film is the last to be directed by Alfred Hitchcock?
Family Plot
24.6%
What is the last book of the Old Testament in the the Bible?
Malachi
21.3%
What was the last novel published by Charles Dickens?
The Mystery of Edwin Drood
18%
Hint
Answer
% Correct
In what year did the last known passenger pigeon go extinct?
1914
16.4%
In which North American country was Muhammed Ali's last boxing match?
The Bahamas
16.4%
What is the last Disney film that was supervised by Walt Disney?
The Jungle Book
14.8%
From which US city did the last Pan Am Airlines flight originate from?
Miami
8.2%
What was the last single to be released by Elvis Presley?
Way Down
6.6%
What was the last state in the US lower 48 states to declare Christmas a legal holiday?
Oklahoma
6.6%
Who was the last guest star to appear on The Muppet Show?
Marty Feldman
3.3%
What horse was the last to win The Triple Crown?
Justify
3.3%
Who was the last sultan of the Ottoman Empire?
Mehmed VI
3.3%
What was the last known painting painted by Gustav Klimt?
The Bride
1.6%
Quiz Playlist
Details
Report
Send in Message
Add To Playlist
Classic:
Type in answers that appear in a list
Last Updated: Aug 3, 2018
Quiz Scoreboard
CHALLENGE
Sign Up to Join the Scoreboard
Show All
Scores
Hide
Comments
May contain spoilers
Recently Published
Billboard Blitz: Fleetwood Mac
by CooCooCachoo
Music
15s
Presidents Visiting Landmarks
by Hejman
History
7m
An Introduction to Baseball
by treessimontrees
Sports
5m
More to Explore
Quiz From the Vault
Featured Blog Post
Where Did the Easter Bunny Come From?
hide this ad
You Might Also Like...
Tags
Bible Quiz
NHL Quiz
US Presidents Quiz
Alfred Hitchcock
Charles Dickens
Elvis Presley
napoleon
NHL Player
The Muppet Show
Triple Crown
US History
Today's Top Quizzes in Miscellaneous
Browse Miscellaneous
hide this ad
Today's Top Quizzes in Bible
Browse Bible
Top Contributed Quizzes in Miscellaneous
1
5-to-1: Fast Food
2
The JOE quick-fire general knowledge quiz: Day 174
3
The JOE quick-fire general knowledge quiz: Day 173
4
5-to-1: Cocktails
5
The JOE quick-fire general knowledge quiz: Day 172
6
Sunday Crossword: Famous Bodies of Water
7
One Thing in Common: United Kingdom II
8
The JOE quick-fire general knowledge quiz: Day 171
9
Named After an Animal - Odd One Out!
10
The JOE quick-fire quiz: Day 170
Explore More
Trending Topics
Crossword
Anime
Kpop
Harry Potter
Marvel
NBA
Disney
Song
The Office
NFL
Soccer
WWE
Country
Puzzle
Pokémon
hide this ad
More By:
dancinginhistory
Quiz
Plays
Rating
Category
Featured
Created
A Friend Indeed! TV Friends and Partners
63,538
4.57
Television
Aug 13, 2018
Woe to the Foe: Enemies on Television
26,264
4.38
Television
Nov 15, 2018
A Friend Indeed! TV Friends and Partners II
20,799
4.49
Television
Aug 20, 2018
A Friend Indeed! TV Friends and Partners III
18,371
4.34
Television
Aug 31, 2018
Spousal Support: Spouses on Television
17,156
4.52
Television
Aug 22, 2018
Go to Creator's Profile
Score Distribution
Quiz Creator Spotlight
dancinginhistory
Follow
Send a Message
Quizzes Created
-
Created Quiz Play Count
-
More By This Creator
Popular Quizzes Today
1
Find the US States - No Outlines Minefield
2
Find the Countries of Europe - No Outlines Minefield
3
The Countries of the World
4
Find the US States
5
US States
6
Popular People in 1961
7
Risky Map Clicking: Biggest States A-Z
8
Movies - When Are They Set?
More Miscellaneous Quizzes
Word Riddles
Curator's Pick
Trending Quizzes
Risky Map Clicking: Least Populous States A-Z
1-10 Letter G Words
1-10 Letter F Words
Risky Map Clicking: Next State Alphabetically
'A' Boys' Names Grid
Recently Updated
Leaping Animals
pecheneg
Reality TV Shows (A-Z)
bhenderson79
Rickey Henderson's Hall of Fame Teammates
pecheneg
Champions League XIs: Arsenal
pecheneg
Quick Pick: Celebrities in WWE's Hall of Fame
aduchscher
A-Z Keypad Blitz II
pecheneg
Multiple Oscar Actors
pecheneg
Mystery Phrase Blitz: Oscar 'Best Actors'
pecheneg
F. Scott Fitzgerald Novels
LTH
Pick 3 Villains
ddd62291
Trending Topics
Marvel
Kpop
Harry Potter
Disney
Crossword
NBA
Anime
Puzzle
Soccer
Country
Song
NFL
Pokémon
WWE
The Office
Your Account Isn't Verified!
In order to create a playlist on Sporcle, you need to verify the email address you used during registration. Go to your
Sporcle Settings
to finish the process.
Report this User
Report this user for behavior that violates our
Community Guidelines
.
Details:
Send Report
Go to the Sporcle.com Mobile Site →
Comments